Annual study 2011 : green influences.
| Format: | Book |
|---|---|
| Published: |
London:
Euromonitor International,
2012.
|
| Series: | Market reports : January 2012
|
| Subjects: |
| LEADER | 00429cam a2200145 7i4500 | ||
|---|---|---|---|
| 001 | 0000027943 | ||
| 005 | 20120709090000.0 | ||
| 090 | 0 | 0 | |a P 628 |b ANN |
| 245 | 0 | 0 | |a Annual study 2011 : |b green influences. |
| 260 | 0 | 0 | |a London: |b Euromonitor International, |c 2012. |
| 300 | # | # | |a 24 p. |
| 440 | 0 | 0 | |a Market reports : January 2012 |
| 650 | 0 | 0 | |a Green technology |
| 650 | 0 | 0 | |a Green products |
| 999 | |a 0000030194 |b Book |c Products |e Business Information Centre | ||